| 000 | 004790000a22001930004500 | ||
|---|---|---|---|
| 001 | 002682 | ||
| 003 | MACL | ||
| 005 | 20151003132640.0 | ||
| 008 | 151003b xxu||||| |||| 00| 0 eng d | ||
| 040 |
_aMACL _cMACL |
||
| 041 | _aEnglish | ||
| 082 | _a900.54/NAN | ||
| 100 |
_aNanda, J.N. _913435 |
||
| 245 |
_aBengal _bThe Unique State _cJ.N. Nanda |
||
| 260 |
_aNew Delhi _c2005 _bConcept Publishig Company, |
||
| 350 | _a200 | ||
| 650 |
_aHistory _913436 |
||
| 942 |
_k901 _cBK _2ddc |
||
| 999 |
_c14591 _d14591 |
||